Animals (Record no. 13983)

MARC details
000 -LÍDER
campo de controle de tamanho fixo 00335 a2200157 4500
001 - NÚMERO DE CONTROLE
campo de controle 13983
020 ## - ISBN - INTERNATIONAL STANDARD BOOK NUMBER
ISBN - International Standard Book Number 9781848770034
040 ## - FONTE DA CATALOGAÇÃO
Instituição que transcreveu o registro Anchieta - Aquarius
100 ## - ENTRADA PRINCIPAL--NOME PESSOAL
Nome pessoal Jay`s, Alison
240 10 - TÍTULO UNIFORME
Título uniforme Animals
Idioma da obra eng
245 10 - TÍTULO
Título Animals
300 ## - DESCRIÇÃO FÍSICA
Extensão 16
362 0# - DATAS DE PUBLICAÇÃO E/OU DESIGNAÇÃO SEQUENCIAL
Datas de publicação e/ou designação sequencial 2007
650 #4 - ASSUNTO--TERMO TÓPICO
Cabeçalho tópico ou nome geográfico Literatura infanto-juvenil em inglês
942 ## - ELEMENTOS DE ENTRADA ADICIONADOS (KOHA)
Tipo de material Koha Livros
Holdings
Situação do descarte Situação das perdas Situação física Não pode ser emprestado Biblioteca de origem Biblioteca atual Data de aquisição Total de empréstimos Número de chamada completo Código de barras Data de último acesso Data do preço efetivo Tipo de material Koha
        Colégio Anchieta - Aquarius Colégio Anchieta - Aquarius 21/11/2023   028.573 JAY ANI 5643/AQU 21/11/2023 21/11/2023 Livros
        Colégio Anchieta - Aquarius Colégio Anchieta - Aquarius 21/11/2023   028.573 JAY ANI 6492/AQU 21/11/2023 21/11/2023 Livros
        Colégio São Paulo Colégio São Paulo 22/11/2023   LI 028.573 J42a 7929/CSP 22/11/2023 22/11/2023 Livros